|
|
|
|
| LEADER |
00831nab#a2200313#ar4500 |
| 001 |
000042321 |
| 003 |
SVKKK |
| 005 |
00000000000000.0 |
| 008 |
c xo e sloo |
| FMT |
|
|
|
| 038 |
|
|
|a SVKKK
|
| 040 |
|
|
|a SVKKK
|b slo
|e AACR2
|
| 041 |
0 |
|
|a slo
|
| 044 |
|
|
|a xo
|c SK
|
| 080 |
|
|
|a 061.
|2 1981
|
| 080 |
|
|
|a 57.001.
|2 1981
|
| 100 |
1 |
|
|a Bartko, Vlastimil
|4 aut
|
| 245 |
1 |
0 |
|a Firma BOOS pre chovateľov
|c Bartko Vlastimil, , Sova Otto
|
| 300 |
|
|
|b Obr. 1
|
| 650 |
0 |
4 |
|a výskum biologický
|z BOO
|x Biologické substancie, Košice>
|x výskum
|x produkty
|x odbyt
|x perspektívy
|x rozhovory
|
| 700 |
1 |
|
|a Sova, Otto
|4 aut
|
| 773 |
0 |
|
|t Roľnícke novinky
|g Roč. 7, č. 6(1997), s. 13
|
| 957 |
|
|
|a Košice
|
| 958 |
|
|
|a KE
|
| 974 |
|
|
|d 990302
|a Šá
|
| 992 |
|
|
|a RBX
|
| BAS |
|
|
|
| 852 |
|
|
|a SVKKK
|b BIB
|
| 998 |
|
|
|a REG
|